Once Upon A Time Quote Trivia Quiz - Statistics

General Stats
  • This quiz has been taken 1,622 times
  • The average score is 6 of 10
Answer Stats
Quotes Answer % Correct
"I was born to do this. I'm done reading about heroes. I wanna be one." Henry
92%
"You will always find me, and I will always find you." David
87%
"Believing in even the possibility of a happy ending is very powerful thing." Mary Margaret
86%
"Two people with a common goal can accomplish many things. Two people with a common enemy...can accomplish even more." Mr.Gold
67%
"There's a difference between running away from your father and...watching him die in front of you. He may be a monster, but he's my blood." Neal
58%
"The future isn't always what it seems. I will see you again." Belle
55%
"There's nothing more important than family." Evil Queen
51%
"You see, in the end, it isn't good or evil that wins- but power." Cora
43%
"And storybooks are based on what? Imagination. Where does that come from? It has to come from somewhere." Jefferson
18%
"Tread carefully. It's dangerous to confuse vegeance with justice." Mulan
17%
No matching quizzes found
Score Distribution
Percent of People with Each Score
Percentile by Number Answered
Your Score History
You have not taken this quiz